A vida de Luiz Viana Filho / (Record no. 1289)
[ view plain ]
| 000 -LÍDER | |
|---|---|
| Campo Fixo de Controle | 00737nam a2200241 a 4500 |
| 001 - NÚMERO DE CONTROLE | |
| Campo de Controle | 1289 |
| 003 - IDENTIFICAÇÃO DO NÚMERO DE CONTROLE | |
| Campo de Controle | BR-CuiBMT |
| 005 - DATA E HORA DA ÚLTIMA ATUALIZAÇÃO | |
| Campo de Controle | 20231204191150.0 |
| 008 - DADOS FIXOS | |
| Dados Fixos | 231204s2005 dfba 000 0 por d |
| 040 ## - AGÊNCIA CATALOGADORA | |
| Código da Agência Catalogadora | BR-CuiBMT |
| Agência que transcreveu o registro | BR-CuiBMT |
| 080 ## - Nº DA CLASSIFICAÇÃO DECIMAL UNIVERSAL | |
| Nº edição CDU | 2007 |
| Nº Class. CDU | 929 |
| 090 ## - NÚMERO DE CHAMADA | |
| Nº classificação | 929 |
| Cutter | F676v |
| 100 1# - ENTRADA PRINCIPAL -- AUTOR PESSOAL | |
| Nome pessoal | Fonseca, João Justiniano da, |
| Datas associadas ao nome | 1920-2016 |
| 245 #2 - TÍTULO PRINCIPAL | |
| Título principal | A vida de Luiz Viana Filho / |
| Indicação de responsabilidade | João Justiniano da Fonseca. |
| 260 ## - PUBLICAÇÃO, DISTRIBUIÇÃO, ETC. | |
| Local de publicação | Brasília : |
| Editora | Senado Federal, |
| Data | 2005. |
| 300 ## - DESCRIÇÃO FÍSICA | |
| N. páginas ou volumes | 287 p.: |
| Ilustrações | il. |
| Dimensões | 23 cm |
| 490 ## - INDICAÇÃO DE SÉRIE | |
| Título da série | Edições do Senado Federal ; |
| Volume/designação sequencial da série | v. 58 |
| 504 ## - NOTA DE BIBLIOGRAFIA, ETC. | |
| Nota de bibliografia | Inclui bibliografia. |
| 650 ## - ASSUNTO TÓPICO | |
| Cabeçalho tópico ou nome geográfico | Escritor |
| Subdivisão geral | biografia |
| Subdivisão geográfica | Brasil |
| 650 ## - ASSUNTO TÓPICO | |
| Cabeçalho tópico ou nome geográfico | Político |
| Subdivisão geral | biografia |
| Subdivisão geográfica | Brasil |
| 830 ## - ENTRADA SECUNDÁRIA DE SÉRIE -- TÍTULO UNIFORME | |
| Título uniforme | Edições do Senado Federal |
| Nº do volume/designação sequencial da série | 58 |
| 942 ## - ELEMENTOS DE ENTRADA ADICIONAIS (KOHA) | |
| Fonte de classificação ou esquema de arquivamento | Classificação Decimal Universal |
| Tipo de item do Koha | Livros |
| Estado: removido | Estado: perdido | Fonte de classificação ou esquema de arquivamento | Estado: danificado | Indisponível para empréstimo | Localização permanente | Localização atual | Data de aquisição | Total Checkouts | Número de Chamada completo | Código de barras | Date last seen | Número do exemplar | Preço efetivo a partir de | Tipo de item (Koha) |
|---|---|---|---|---|---|---|---|---|---|---|---|---|---|---|
| Classificação Decimal Universal | Biblioteca da Escola Superior de Contas do TCE/MT | Biblioteca da Escola Superior de Contas do TCE/MT | 04/12/2023 | 929 F676v | BIBTCEMT23120113 | 04/12/2023 | Ex. 1 | 04/12/2023 | Livros |